000 00688nam a22002177a 4500
005 20251108173656.0
008 250721s2007 xx 000 0 ara d
082 1 4 _aم/214.5/صوف
100 1 _aالصوفي، ماهر أحمد
245 1 0 _aبداية يوم القيامة أرض المحشر - الحوض الشفاعة العظمى /
264 1 _aصيدا :
_bالمكتبة العصرية،
_c2007.
300 _a159ص.
490 0 _aموسوعة اللآخرة
650 1 7 _aاليوم الآخر
650 1 7 _aالعقيدة الدينية
650 1 7 _aجهنم
650 1 7 _aالجنة
650 1 7 _aعذاب القبر
942 _2ddc
_cREF
999 _c109673
_d109673